Cahiers O.R.S.T.O.M. Série océanographie.

Bibliographic Details
New Title:Océanographie tropicale
Previous Title:Cahiers O.R.S.T.O.M. Océanographie
Corporate Author: O.R.S.T.O.M. (Agency : France)
Format: Journal
Language:French
Published: Paris, France : O.R.S.T.O.M., 1966-1978.
Subjects:
Online Availability: Check for online availability

MARC

Tag First Indicator Second Indicator Subfields
LEADER 00000cas a2200000 a 4500
001 in00000598821
005 20151014095100.0
008 820118d19661978fr qrzp f0 b0fre d
010 |a  68119483  
022 |a 0008-039X 
030 |a COOCBT 
035 |a (OCoLC)08070231 
035 |9 ACR2332AM 
040 |a QPR  |c QPR  |d PIT  |d HUL  |d WAU  |d DLC  |d AIP  |d NST  |d HUL  |d NST  |d HUL  |d NST  |d TXA  |d UtOrBLW 
042 |a lc 
049 |a TXAE 
050 0 0 |a GC1  |b .F76 
210 0 |a Cah. O.R.S.T.O.M. Sér. océanogr. 
222 0 |a Cahiers O.R.S.T.O.M. Série océanographie 
245 0 0 |a Cahiers O.R.S.T.O.M.  |p Série océanographie. 
246 1 0 |a Cahiers ORSTOM.  |p Série océanographie 
246 1 0 |a Série océanographie 
264 1 |a Paris, France :  |b O.R.S.T.O.M.,  |c 1966-1978. 
300 |a 13 volumes :  |b illustrations ;  |c 28 cm. 
310 |a Quarterly 
336 |a text  |b txt  |2 rdacontent 
337 |a unmediated  |b n  |2 rdamedia 
338 |a volume  |b nc  |2 rdacarrier 
362 0 |a Vol. 4, no 1-v. 16, nos 3-4. 
500 |a Evans description based on: Volume 14, number 1 published in 1976. 
510 0 |a GeoRef  |x 0197-7482 
650 0 |a Oceanography  |v Periodicals. 
650 0 |a Marine biology  |v Periodicals. 
710 2 |a O.R.S.T.O.M. (Agency : France) 
780 0 0 |t Cahiers O.R.S.T.O.M. Océanographie  |w (OCoLC)2445626  |w (DLC)sf 83004019 
785 0 0 |t Océanographie tropicale  |x 0245-9418  |w (OCoLC)9087815  |w (DLC) 83644941 
999 |a MARS 
999 f f |s fbc9a7be-95a4-3a3b-8a24-74f76fa3da60  |i 11ca9e00-40f0-30dc-920f-c3cf97818aa0  |t 0 
952 f f |p ric  |a Texas A&M University  |b Rellis Campus  |c Joint Library Facility  |d Remote Storage  |t 0  |e GC1 .F76  |h Library of Congress classification  |i unmediated -- volume  |k v.15  |l 1977  |m A14852604579 
952 f f |p ric  |a Texas A&M University  |b Rellis Campus  |c Joint Library Facility  |d Remote Storage  |t 0  |e GC1 .F76  |h Library of Congress classification  |i unmediated -- volume  |k v.16  |l 1978  |m A14852604041 
952 f f |p ric  |a Texas A&M University  |b Rellis Campus  |c Joint Library Facility  |d Remote Storage  |t 0  |e GC1 .F76  |h Library of Congress classification  |i unmediated -- volume  |k v.14  |l 1976  |m A14816413721 
998 f f |a GC1 .F76  |s v.14 (1976)-v.16 (1978)  |t 0  |l Remote Storage